00762cam2a220024100 4500001001200000005001700012008004100029010001600070035001900086035002200105035002200127040000900149100007100158245004000229260005200269500001700321500002200338500002900360650006100389949004700450004000600497999001700503qce0086252020190816105512.0760701c19641948nyu 000 0 eng d a 59013024 a(Sirsi) r84226 a(QCAT)lss01303505 a(UPRA)qce00862520 dUPRA1 aZukofsky, Louis, 1904-1978.dZukofsky, Louis, 1904-1978.6A44144.112aA test of poetry /cLouis Zukofsky. aNew York :bJargon/Corinth Books,c1964, c1948. a"Jargon 11." aPrinted wrappers. aFirst published in 1948. 0aPoetry -- Collections.xPoetry -- Collections.6S34774.1 aPN6101wlcci-117162mMAINtBOOKlON-SHELF84226 c89864d89864